| 000 | 00668nam a2200193 a 4500 | ||
|---|---|---|---|
| 001 | 000025662 | ||
| 005 | 20200930023943.0 | ||
| 008 | 110218s2002 cu a r 000 0 spa d | ||
| 020 | _a9590502903 | ||
| 040 |
_aDO-SdBNP _bspa _cBNPHU |
||
| 082 |
_aNNN _bG944s |
||
| 100 | 1 |
_aGuibert Reyes, Wilfredo _d1962- _952405 |
|
| 245 | 1 | 0 |
_aEl suicidio : _bun tema complejo e íntimo / _cWilfredo Guibert Reyes ; editado por María Luisa Acosta Hernández. |
| 260 |
_aLa Habana : _bCientífico-Técnica, _c2002. |
||
| 300 |
_axi, 224 p. : _bil. ; _c21 cm. |
||
| 504 | _aIncluye bibliografía (p. 211-224) | ||
| 700 | 1 |
_aAcosta Hernández, María Luisa _eed. _938149 |
|
| 049 | _aBNGR | ||
| 999 |
_c25154 _d25154 |
||